header

Electric power and energy in China (Record no. 38467)

MARC details
000 -LEADER
fixed length control field 01313nam a2200349Ia 4500
082 04 - DEWEY DECIMAL CLASSIFICATION NUMBER
Classification number 333.790951
100 1# - MAIN ENTRY--AUTHOR NAME
Personal name Liu, Zhenya,
245 10 - TITLE STATEMENT
Title Electric power and energy in China
260 ## - PUBLICATION, DISTRIBUTION, ETC. (IMPRINT)
Place of publication Singapore :
Name of publisher John Wiley & Sons, Inc.,
Year of publication 2013.
300 ## - PHYSICAL DESCRIPTION
Number of Pages xv, 381 p. :
Other physical details ill.
650 #0 - SUBJECT ADDED ENTRY--TOPICAL TERM
Topical Term Electric power
Topical Term Electrification
Topical Term Energy consumption
Topical Term Energy development
Topical Term Power resources
856 40 - ELECTRONIC LOCATION AND ACCESS
Uniform Resource Identifier http://site.ebrary.com/lib/rucke/Doc?id=10726718

No items available.

© 2026 Rongo University
Contact us: librarian | system librarian | Rongo university